The ibm personal computer / (Record no. 9281)
[ view plain ]
| 000 -LEADER | |
|---|---|
| fixed length control field | 00478nam a2200145 a 4500 |
| 100 1# - MAIN ENTRY--AUTHOR NAME | |
| Personal name | Traister, Robert J. |
| 245 14 - TITLE STATEMENT | |
| Title | The ibm personal computer / |
| 250 ## - EDITION STATEMENT | |
| Edition statement | First Edition first Printing. |
| 260 ## - PUBLICATION, DISTRIBUTION, ETC. (IMPRINT) | |
| Place of publication | [S.l.] : |
| Name of publisher | TAB Books, |
| Year of publication | 1983. |
| 300 ## - PHYSICAL DESCRIPTION | |
| Number of Pages | 1 v. (unpaged) |
| 856 40 - ELECTRONIC LOCATION AND ACCESS | |
| Uniform Resource Identifier | http://www.amazon.com/exec/obidos/ASIN/B001OAMRC4/chopaconline-20 |
| Withdrawn status | Lost status | Home library | Current library | Date acquired | Cost, normal purchase price | Full call number | Accession Number | Koha item type |
|---|---|---|---|---|---|---|---|---|
| Central Library, QUEST, Nawabshah | Central Library, QUEST, Nawabshah | 28/08/2014 | 793.00 | TRA | 19021 | Books |